Les classements français dans le badminton - Statistiques

Statistiques générales
  • Ce quiz a été pris 355 fois
  • Le résultat moyen est 13 sur 13
Statistiques - réponses
Equivalent en ancien classement Classement % Correct
C3-C4 D7
100%
D1-D2 D8
100%
D3-D4 D9
100%
Elite N1
100%
A1-A2 N2
100%
A3-A4 N3
100%
B1-B2 R4
100%
B3-B4 R5
100%
C1-C2 R6
100%
Non-classé P10
99%
Non-classé P11
99%
Non-classé P12
99%
Non-classé NC
98%
Aucun quiz correspondant
Distribution des résultats
% des personnes avec chaque résultat
Percentile par nombre de réponses
Votre historique - résultats
Vous n’avez pas pris ce quiz